[Event "OGD Prinsenstad-toernooi - A groep"]
[Site "Delft"]
[Date "2012.04.07"]
[Round "2.7"]
[White "Van den Ouden, Lendert"]
[Black "Ivanov, Jordan"]
[Result "0-1"]
[WhiteElo "1979"]
[BlackElo "2404"]
[PlyCount "54"]
[EventDate "2012.04.06"]
[EventType "swiss"]
[EventRounds "6"]
[EventCountry "NED"]
[Source "DSC"]
[SourceDate "2012.04.06"]

1. Nf3 d6 2. d4 Nf6 3. c4 g6 4. g3 Bg7 5. Bg2 O-O 6. O-O c6 7. Nc3 Qa5 8. e4 e5
9. h3 Nbd7 10. Be3 Nb6 11. Qd3 exd4 12. Nxd4 Qa6 13. b3 d5 14. exd5 Nfxd5 15.
Nxd5 cxd5 16. Rfc1 dxc4 17. bxc4 Rd8 18. Qe4 Qa4 19. Rab1 Nxc4 20. Qe7 Bxh3 21.
Rxb7 Nd6 22. Bxh3 Bxd4 23. Bxd4 Qxd4 24. Rd7 Rxd7 25. Qxd7 Re8 26. Rc6 Re2 27.
Rc8+ Kg7 0-1

[Event "OGD Prinsenstad-toernooi - A groep"]
[Site "Delft"]
[Date "2012.04.07"]
[Round "2.8"]
[White "Hoeksema, Erik"]
[Black "Van Osch, Mees"]
[Result "0-1"]
[WhiteElo "2356"]
[BlackElo "2037"]
[PlyCount "72"]
[EventDate "2012.04.06"]
[EventType "swiss"]
[EventRounds "6"]
[EventCountry "NED"]
[Source "DSC"]
[SourceDate "2012.04.06"]

1. Nf3 Nf6 2. c4 g6 3. Nc3 Bg7 4. d4 O-O 5. e4 d6 6. Be2 e5 7. O-O Nc6 8. Be3
Re8 9. dxe5 Nxe5 10. Nd4 c6 11. Qc2 Neg4 12. Bg5 h6 13. Bh4 Nxh2 14. Rfd1 Nhg4
15. Nb3 Qe7 16. Rd4 Be6 17. Rad1 Rad8 18. c5 Bxb3 19. Qxb3 Qe5 20. Bg3 Qxc5 21.
Rc4 Qg5 22. Qxb7 Ne3 23. Qxc6 Nxd1 24. Bxd1 Rc8 25. Qa6 Rxc4 26. Qxc4 Qd2 27.
Qb5 Kh7 28. Bf3 h5 29. a4 Rh8 30. Qb7 h4 31. Bxh4 g5 32. Nd5 Nxd5 33. exd5 Qe1+
34. Kh2 gxh4 35. Qxf7 Qe5+ 36. Kh1 Rc8 0-1

[Event "OGD Prinsenstad-toernooi - A groep"]
[Site "Delft"]
[Date "2012.04.07"]
[Round "2.10"]
[White "Vrancken, Gilbert"]
[Black "Stolwijk, Colin"]
[Result "0-1"]
[WhiteElo "2191"]
[BlackElo "1991"]
[PlyCount "85"]
[EventDate "2012.04.06"]
[EventType "swiss"]
[EventRounds "6"]
[EventCountry "NED"]
[Source "DSC"]
[SourceDate "2012.04.06"]

1. e4 c6 2. d4 d5 3. e5 Bf5 4. Nc3 e6 5. g4 Bg6 6. Nge2 h6 7. Nf4 Bh7 8. Be3
Nd7 9. Qd2 a6 10. Bg2 Ne7 11. O-O c5 12. dxc5 Nxe5 13. Rfe1 Nc4 14. Qe2 Nxe3
15. fxe3 Qa5 16. Nd3 Nc6 17. Kh1 Bxd3 18. cxd3 Bxc5 19. a3 Qc7 20. Rac1 Bd6 21.
d4 Qe7 22. Qf2 h5 23. g5 Qxg5 24. e4 Qf4 25. Qxf4 Bxf4 26. Rcd1 dxe4 27. Rxe4
Bg5 28. d5 Nd8 29. Na4 Rc8 30. d6 Rc1 31. Rxc1 Bxc1 32. Rc4 Be3 33. Rc7 O-O 34.
Nc5 Bxc5 35. Rxc5 f5 36. Rc7 Rf7 37. d7 b6 38. Bf1 a5 39. Bb5 Kf8 40. Rc8 Ke7
41. Rb8 Rf6 42. Rxb6 e5 43. Rb8 0-1

[Event "OGD Prinsenstad-toernooi - A groep"]
[Site "Delft"]
[Date "2012.04.07"]
[Round "2.13"]
[White "Dijkhuis, Tycho"]
[Black "Van Liempt, Michaël"]
[Result "0-1"]
[WhiteElo "2123"]
[BlackElo "2025"]
[PlyCount "118"]
[EventDate "2012.04.06"]
[EventType "swiss"]
[EventRounds "6"]
[EventCountry "NED"]
[Source "DSC"]
[SourceDate "2012.04.06"]

1. e4 c5 2. Nf3 Nc6 3. d4 cxd4 4. Nxd4 g6 5. Nc3 Bg7 6. Be3 Nf6 7. Bc4 O-O 8.
Bb3 a5 9. O-O d6 10. Ndb5 Bd7 11. f3 Nb4 12. Qe2 Bc6 13. Rad1 Nd7 14. Kh1 Qc8
15. a3 Na6 16. Bg5 Re8 17. f4 Nac5 18. Ba2 Bxb5 19. Nxb5 Ne6 20. Bh4 Ra6 21. f5
Nd8 22. Qf2 Ne5 23. Qg3 Rb6 24. Nd4 Rxb2 25. Bd5 Qc5 26. fxg6 hxg6 27. Nf3 Rxc2
28. Nxe5 dxe5 29. Qb3 e6 30. Bxd8 exd5 31. Rxd5 Qc4 32. Qf3 Rf8 33. Be7 Rc3 34.
Qd1 Re8 35. Rd8 Rxd8 36. Qxd8+ Kh7 37. Qd1 Qxe4 38. Rxf7 Qd5 39. Rf1 Qxd1 40.
Rxd1 Rc7 41. Bd8 Rc3 42. Be7 e4 43. h4 Rd3 44. Re1 e3 45. Bg5 Bd4 46. a4 Kg7
47. Kh2 Kf7 48. Rb1 b6 49. Kh1 Bc5 50. Kh2 Ke6 51. Re1 Kd5 52. g4 Ke4 53. h5
gxh5 54. gxh5 Rd5 55. Rg1 e2 56. Rg4+ Kf5 57. h6 Kxg4 58. h7 e1=Q 59. h8=Q Qg1#
0-1

[Event "OGD Prinsenstad-toernooi - A groep"]
[Site "Delft"]
[Date "2012.04.07"]
[Round "3.1"]
[White "Kasparov, Sergey"]
[Black "Andersson, Ulf"]
[Result "1/2-1/2"]
[WhiteElo "2493"]
[BlackElo "2579"]
[PlyCount "39"]
[EventDate "2012.04.06"]
[EventType "swiss"]
[EventRounds "6"]
[EventCountry "NED"]
[Source "DSC"]
[SourceDate "2012.04.06"]

1. e4 e6 2. d4 d5 3. Nd2 dxe4 4. Nxe4 Nd7 5. Nf3 Ngf6 6. Nxf6+ Nxf6 7. c3 c5 8.
Ne5 a6 9. Be3 Qc7 10. Qa4+ Bd7 11. Nxd7 Qxd7 12. Qxd7+ Nxd7 13. O-O-O cxd4 14.
Bxd4 O-O-O 15. Kc2 Rg8 16. b4 g6 17. Be2 Bg7 18. Bxg7 Rxg7 19. c4 Rgg8 20. Rd2
1/2-1/2

[Event "OGD Prinsenstad-toernooi - A groep"]
[Site "Delft"]
[Date "2012.04.07"]
[Round "3.2"]
[White "Van den Doel, Erik"]
[Black "Hovhanisian, Mher"]
[Result "0-1"]
[WhiteElo "2569"]
[BlackElo "2489"]
[PlyCount "127"]
[EventDate "2012.04.06"]
[EventType "swiss"]
[EventRounds "6"]
[EventCountry "NED"]
[Source "DSC"]
[SourceDate "2012.04.06"]

1. e4 e6 2. d4 d5 3. Nc3 Nf6 4. Bg5 Be7 5. e5 Nfd7 6. h4 h6 7. Bxe7 Qxe7 8. f4
a6 9. Qg4 O-O 10. O-O-O f5 11. Qh5 c5 12. Nf3 Nc6 13. g4 fxg4 14. Qxg4 cxd4 15.
Nxd4 Nxd4 16. Rxd4 Nc5 17. b4 Nd7 18. Bd3 Rd8 19. Kd2 Nf8 20. Na4 Bd7 21. Nb6
Rab8 22. Rg1 Bb5 23. f5 exf5 24. Qxf5 Bxd3 25. Kxd3 Ne6 26. Qf6 Qxf6 27. exf6
Rd6 28. Nxd5 Nxd4 29. Kxd4 Rd7 30. c4 Re8 31. Kc3 Rf7 32. Rg6 Kh7 33. h5 Re6
34. a4 gxf6 35. b5 axb5 36. axb5 Rf8 37. Kb4 Rf7 38. b6 Rf8 39. Kb5 Rf7 40. c5
Rf8 41. Rg4 f5 42. Ra4 Re5 43. Nf4 Rc8 44. Nd3 Rd5 45. Kc4 Rcd8 46. Nb4 Rd4+
47. Kb5 f4 48. Ra7 f3 49. Rxb7+ Kg8 50. Nc6 f2 51. Ne7+ Kf7 52. Nf5+ Ke6 53.
Ne3 Rd3 54. Nf1 Rd1 55. Nh2 Rh1 56. Ra7 Rxh2 57. Ra1 Rg2 58. Rf1 Rf8 59. b7 Rg1
60. Rxf2 Rxf2 61. Kc6 Rb2 62. Kc7 Rc1 63. c6 Kd5 64. Kd8 0-1

[Event "OGD Prinsenstad-toernooi - A groep"]
[Site "Delft"]
[Date "2012.04.07"]
[Round "3.3"]
[White "Ivanov, Jordan"]
[Black "Haslinger, Stewart"]
[Result "1-0"]
[WhiteElo "2404"]
[BlackElo "2533"]
[PlyCount "93"]
[EventDate "2012.04.06"]
[EventType "swiss"]
[EventRounds "6"]
[EventCountry "NED"]
[Source "DSC"]
[SourceDate "2012.04.06"]

1. c4 e6 2. Nc3 d5 3. d4 c6 4. Nf3 Nf6 5. Bg5 h6 6. Bh4 dxc4 7. e4 g5 8. Bg3 b5
9. Be2 Bb7 10. Ne5 h5 11. h4 g4 12. f3 Bg7 13. O-O Nbd7 14. fxg4 hxg4 15. Nxf7
Kxf7 16. e5 Kg8 17. Bxg4 Nf8 18. exf6 Bxf6 19. Rxf6 Qxf6 20. Ne4 Qg6 21. Qf3
Nd7 22. h5 Qh6 23. Bf4 Rf8 24. Bxh6 Rxf3 25. Bxe6+ Rf7 26. Be3 Kf8 27. Bxf7
Kxf7 28. Nd6+ Ke6 29. Nxb7 Rxh5 30. Nc5+ Nxc5 31. dxc5 Rd5 32. Kf2 a5 33. a4
Rd3 34. axb5 cxb5 35. Rxa5 Rb3 36. Ra2 b4 37. g4 Kd5 38. Kf3 c3 39. bxc3 bxc3
40. Rc2 Kc4 41. c6 Kd3 42. Rc1 Rb8 43. c7 Rf8+ 44. Bf4 c2 45. g5 Kc3 46. g6 Kb2
47. g7 1-0

[Event "OGD Prinsenstad-toernooi - A groep"]
[Site "Delft"]
[Date "2012.04.07"]
[Round "3.4"]
[White "De Wit, Michel"]
[Black "Meng, Roger"]
[Result "1/2-1/2"]
[WhiteElo "2303"]
[BlackElo "2333"]
[PlyCount "236"]
[EventDate "2012.04.06"]
[EventType "swiss"]
[EventRounds "6"]
[EventCountry "NED"]
[Source "DSC"]
[SourceDate "2012.04.06"]

1. e4 c5 2. Nf3 e6 3. c3 d5 4. exd5 Qxd5 5. d4 Nf6 6. Be3 cxd4 7. cxd4 Nc6 8.
Nc3 Qd6 9. Rc1 Be7 10. a3 O-O 11. Qd2 Qd8 12. Bc4 b6 13. O-O Bb7 14. Rfd1 Na5
15. Ba2 Rc8 16. Ne5 Nc6 17. Qe2 Nd5 18. Nxd5 exd5 19. Qf3 Nxe5 20. dxe5 d4 21.
Qg4 dxe3 22. Rxd8 Rxc1+ 23. Rd1 exf2+ 24. Kxf2 Rc2+ 25. Kf1 Ba6+ 26. Ke1 Re2+
27. Qxe2 Bxe2 28. Kxe2 Rd8 29. Rf1 Rf8 30. Kd3 g6 31. Ke4 a5 32. Kd5 Bc5 33.
Kc4 Kg7 34. b4 axb4 35. axb4 Be3 36. Rf3 Bg1 37. h3 h5 38. Kd5 Ra8 39. Bb3 Ra7
40. Kd6 Bd4 41. g4 hxg4 42. hxg4 Bb2 43. Rf4 Bc3 44. Bd5 f6 45. Rxf6 Bxb4+ 46.
Kc6 Re7 47. Be6 Bc3 48. Kd6 Bb4+ 49. Kd5 Ba3 50. Rf3 Bc5 51. g5 Bb4 52. Rd3 Bc5
53. Rf3 Bb4 54. Rd3 Bc5 55. Bg4 Ra7 56. Kc6 Re7 57. e6 Kf8 58. Rf3+ Kg7 59. Bh3
Bd4 60. Kd5 Bc5 61. Bf1 Bb4 62. Bd3 Ra7 63. Kc4 Bd2 64. Rf6 Ra5 65. Kd4 Bxg5
66. Rf7+ Kh6 67. e7 Bxe7 68. Rxe7 Ra4+ 69. Ke5 Ra3 70. Be4 Ra5+ 71. Kf6 b5 72.
Re6 Kh5 73. Bxg6+ Kg4 74. Rb6 Kf4 75. Be8 Ra4 76. Rxb5 Ra6+ 77. Ke7 Rh6 78. Bd7
Ke4 79. Be6 Kd4 80. Kd6 Rh8 81. Rb4+ Kc3 82. Rc4+ Kd3 83. Rg4 Rd8+ 84. Ke5 Ra8
85. Rg3+ Kd2 86. Kd4 Rd8+ 87. Bd5 Ke2 88. Rg2+ Kf1 89. Ra2 Ke1 90. Ke4 Kd1 91.
Bc4 Rd2 92. Ra3 Kc2 93. Bd3+ Kb2 94. Ra8 Rd1 95. Kd4 Ra1 96. Rb8+ Kc1 97. Ke3
Kd1 98. Rh8 Kc1 99. Rh2 Ra8 100. Kd4 Ra3 101. Ke3 Ra8 102. Rc2+ Kd1 103. Rb2
Ra1 104. Rh2 Kc1 105. Kd4 Ra4+ 106. Bc4 Ra3 107. Bd3 Ra4+ 108. Ke3 Ra1 109. Rh8
Ra3 110. Rh1+ Kb2 111. Kd2 Rb3 112. Bc2 Rb4 113. Bd3 Rb3 114. Rb1+ Ka3 115. Rc1
Kb4 116. Rc8 Ra3 117. Ke3 Rc3 118. Ra8 Rc7 1/2-1/2

[Event "OGD Prinsenstad-toernooi - A groep"]
[Site "Delft"]
[Date "2012.04.07"]
[Round "3.6"]
[White "Stolwijk, Colin"]
[Black "Oranje, Richard"]
[Result "1/2-1/2"]
[WhiteElo "1991"]
[BlackElo "2011"]
[PlyCount "76"]
[EventDate "2012.04.06"]
[EventType "swiss"]
[EventRounds "6"]
[EventCountry "NED"]
[Source "DSC"]
[SourceDate "2012.04.06"]

1. e4 Nc6 2. Nf3 d5 3. exd5 Qxd5 4. Nc3 Qa5 5. d4 Bg4 6. Be2 O-O-O 7. Be3 e5 8.
Nxe5 Bxe2 9. Qxe2 Nxe5 10. dxe5 Qxe5 11. O-O Bd6 12. f4 Qf5 13. Qc4 Nf6 14.
Bxa7 Rhe8 15. a4 Ne4 16. Nd5 Bc5+ 17. Bxc5 Qxd5 18. Qxd5 Rxd5 19. Be3 Nd6 20.
Rfe1 Nc4 21. Bd2 Rxe1+ 22. Bxe1 Nxb2 23. Bc3 Nc4 24. Bxg7 Rd2 25. Re1 Nd6 26.
Re7 Rxc2 27. Be5 Ra2 28. Bxd6 cxd6 29. Rxf7 Rxa4 30. f5 b5 31. f6 Kd8 32. g3 h5
33. Rb7 Ke8 34. Rxb5 h4 35. Kg2 hxg3 36. hxg3 Kf7 37. Rf5 Rg4 38. Rd5 Kxf6
1/2-1/2

[Event "OGD Prinsenstad-toernooi - A groep"]
[Site "Delft"]
[Date "2012.04.07"]
[Round "3.7"]
[White "Reinderman, Dimitri"]
[Black "Zepeda, Lorena"]
[Result "1-0"]
[WhiteElo "2595"]
[BlackElo "2184"]
[PlyCount "49"]
[EventDate "2012.04.06"]
[EventType "swiss"]
[EventRounds "6"]
[EventCountry "NED"]
[Source "DSC"]
[SourceDate "2012.04.06"]

1. c4 Nf6 2. g3 g6 3. Bg2 Bg7 4. Nc3 O-O 5. e4 d6 6. Nge2 e5 7. O-O Be6 8. d3
c6 9. f4 Bg4 10. f5 Nbd7 11. h3 Bxe2 12. Qxe2 Ne8 13. Be3 g5 14. Bf3 f6 15. h4
h6 16. Bh5 Nc7 17. Bg6 a5 18. Nd1 Qe7 19. Nf2 d5 20. Kg2 Rfd8 21. Qh5 dxc4 22.
dxc4 Nc5 23. hxg5 hxg5 24. Ng4 Nxe4 25. Qh7+ (25. Qh7+ Kf8 26. Nh6 Qb4 27. Qg8+
Ke7 28. Qxg7+ $18) 1-0

[Event "OGD Prinsenstad-toernooi - A groep"]
[Site "Delft"]
[Date "2012.04.07"]
[Round "3.8"]
[White "Van Oosterom, Chiel"]
[Black "Bakker, Guido"]
[Result "1-0"]
[WhiteElo "2348"]
[BlackElo "2114"]
[PlyCount "78"]
[EventDate "2012.04.06"]
[EventType "swiss"]
[EventRounds "6"]
[EventCountry "NED"]
[Source "DSC"]
[SourceDate "2012.04.06"]

1. e4 c5 2. Nf3 d6 3. d4 cxd4 4. Nxd4 Nf6 5. Nc3 g6 6. Be3 Bg7 7. f3 Nc6 8. Qd2
O-O 9. O-O-O d5 10. Kb1 Nxd4 11. e5 Nf5 12. exf6 exf6 13. Bc5 d4 14. Bxf8 Qxf8
15. Nb5 Ne3 16. Re1 f5 17. Nxd4 f4 18. Nb3 a5 19. a3 a4 20. Nc1 Be6 21. g3 Rc8
22. Bd3 Rc3 {Spektaculair maar niet correct.} 23. Ne2 ({Niet goed is} 23. bxc3
Qxa3 24. Rhg1 Bxc3 25. Qxc3 Qxc3 $19) 23... Rxa3 24. bxa3 Qxa3 25. c3 Nc4 26.
Bxc4 Bxc4 27. Nxf4 h6 (27... Bxc3 28. Re8+ Kg7 29. Nh5+ gxh5 30. Qg5#) 28. Rc1
Qc5 29. Rhd1 a3 30. Ka1 Qb4 31. Re1 Kh7 32. Ne2 Qb5 33. Nd4 Qd5 34. Red1 b5 35.
Rb1 a2 36. Rb2 Bf8 37. Rxa2 Bg7 38. Rb2 Qa8+ 39. Kb1 Qd5 1-0

[Event "OGD Prinsenstad-toernooi - A groep"]
[Site "Delft"]
[Date "2012.04.07"]
[Round "3.10"]
[White "Legemaat, Gert"]
[Black "Van Liempt, Michaël"]
[Result "1-0"]
[WhiteElo "2222"]
[BlackElo "2025"]
[PlyCount "145"]
[EventDate "2012.04.06"]
[EventType "swiss"]
[EventRounds "6"]
[EventCountry "NED"]
[Source "DSC"]
[SourceDate "2012.04.06"]

1. e4 c5 2. Nc3 g6 3. Bc4 Nc6 4. a3 Bg7 5. Nge2 e6 6. d3 Nge7 7. Ba2 O-O 8. h4
h6 9. h5 g5 10. f4 f6 11. Be3 b6 12. d4 cxd4 13. Nxd4 Nxd4 14. Qxd4 Kh8 15. Qd2
Bb7 16. O-O-O Bc6 17. fxg5 fxg5 18. Bd4 Qc7 19. Nd5 exd5 20. exd5 Nxd5 21. Bxd5
Qf4 22. Bxg7+ Kxg7 23. Rhe1 Qf6 24. Bxc6 dxc6 25. Qd7+ Rf7 26. Qd3 Raf8 27. Kb1
Kh8 28. Qc4 c5 29. Re6 Qf4 30. Rxh6+ Kg7 31. Qe6 Qf5 32. Qg6+ Qxg6 33. Rxg6+
Kh7 34. Rxg5 Re8 35. b3 Re2 36. g4 Rff2 37. Rc1 Rg2 38. Rg6 Re4 39. g5 Re5 (
39... Rh4 $16) 40. Rd1 Rgxg5 41. Rd7+ Kh8 42. Rc6 Rg1+ 43. Kb2 Rxh5 44. Rxa7
Rh2 45. Rc8+ Rg8 46. Raa8 Rxc8 47. Rxc8+ Kg7 48. Rc6 Kf7 49. Rxb6 Ke7 50. a4
Kd7 51. a5 Kc7 52. Kc3 Rh4 53. Rg6 Kb7 54. Kb2 Rf4 55. c4 Rh4 56. Ka3 Rh5 57.
Ka4 Rf5 58. Kb5 Rf3 59. Rb6+ Ka7 60. Kxc5 Rf5+ 61. Kb4 Rf3 62. Ka4 Rf4 63. Kb5
Rf3 64. b4 Rh3 65. Rg6 Rh7 66. Ka4 Rh4 67. Rc6 Kb7 68. b5 Rh1 69. a6+ Ka7 70.
Kb4 Rh4 71. Rc7+ Kb8 72. Rd7 Rh6 73. c5 1-0

[Event "OGD Prinsenstad-toernooi - A groep"]
[Site "Delft"]
[Date "2012.04.07"]
[Round "3.12"]
[White "Kasparova, Tatiana"]
[Black "Van den Ouden, Lendert"]
[Result "1-0"]
[WhiteElo "2184"]
[BlackElo "1979"]
[PlyCount "41"]
[EventDate "2012.04.06"]
[EventType "swiss"]
[EventRounds "6"]
[EventCountry "NED"]
[Source "DSC"]
[SourceDate "2012.04.06"]

1. e4 c6 2. d4 d5 3. Nc3 dxe4 4. Nxe4 Bf5 5. Ng3 Bg6 6. Nh3 e6 7. Nf4 Bd6 8. h4
Bxf4 9. Bxf4 h6 10. h5 Bh7 11. c3 Nf6 12. Qb3 Qb6 13. Qa3 Nbd7 14. Be2 O-O-O
15. O-O Nd5 16. Bd6 Nc7 17. Bc5 Nb5 18. Bxb6 Nxa3 19. Bxd8 Nc2 20. Rad1 Rxd8
21. Bd3 1-0

[Event "OGD Prinsenstad-toernooi - A groep"]
[Site "Delft"]
[Date "2012.04.07"]
[Round "4.1"]
[White "Hovhanisian, Mher"]
[Black "Ivanov, Jordan"]
[Result "0-1"]
[WhiteElo "2489"]
[BlackElo "2404"]
[Annotator "Prinsenstad-toernooi"]
[PlyCount "78"]
[EventDate "2012.04.06"]
[EventType "swiss"]
[EventRounds "6"]
[EventCountry "NED"]
[Source "DSC"]
[SourceDate "2012.04.06"]

1. Nf3 Nf6 2. g3 g6 3. Bg2 Bg7 4. O-O O-O 5. c4 d6 6. d4 Nc6 7. Nc3 e5 8. d5
Ne7 9. c5 b5 10. cxd6 cxd6 11. Nxb5 Nexd5 12. Bg5 Ba6 13. a4 Rb8 14. Nd2 h6 15.
Bxf6 Nxf6 16. Nc4 d5 17. Nxe5 Bxb5 18. axb5 Rxb5 19. Rxa7 Qb8 20. Nc6 Qb6 21.
Ne7+ Kh7 22. Qa4 Rxb2 23. Nxd5 Nxd5 24. Bxd5 Rxe2 25. Rxf7 Rxf7 26. Bxf7 Bd4
27. Qa8 Bxf2+ 28. Kh1 h5 29. Qg8+ Kh6 30. Qf8+ Kg5 31. Bd5 Bxg3 32. hxg3 Qd4
33. Qd8+ (33. Qf4+ Qxf4 34. Rxf4 {is ingewikkeld, men wellicht gewonnen.})
33... Kh6 34. Qf8+ (34. g4 $1 {dreigt mat:} Qxg4 (34... -- 35. g5+ Kg7 36. Qg8#
) 35. Qf8+ Kg5 36. Rg1 {en wit wint.}) 34... Kg5 35. Qd6 Qe5 36. Qd8+ Kh6 37.
Qf8+ Kg5 38. Qd8+ Kh6 39. Rf8 $4 {
Een enorme blunder. Ingegeven door een gebrek aan tijd.} Qa1+ (39... Qa1+ 40.
Rf1 Qxf1#) 0-1

[Event "OGD Prinsenstad-toernooi - A groep"]
[Site "Delft"]
[Date "2012.04.07"]
[Round "4.3"]
[White "Andersson, Ulf"]
[Black "Reinderman, Dimitri"]
[Result "1/2-1/2"]
[WhiteElo "2579"]
[BlackElo "2595"]
[PlyCount "46"]
[EventDate "2012.04.06"]
[EventType "swiss"]
[EventRounds "6"]
[EventCountry "NED"]
[Source "DSC"]
[SourceDate "2012.04.06"]

1. Nf3 f5 2. d4 Nf6 3. g3 g6 4. Bg2 Bg7 5. O-O O-O 6. c4 d6 7. Nc3 c6 8. d5 e5
9. dxe6 Bxe6 10. b3 Re8 11. Bb2 Na6 12. Ng5 h6 13. Nxe6 Rxe6 14. Qc2 Nc5 15.
Rad1 Qe7 16. b4 Nce4 17. Nxe4 Nxe4 18. Bxg7 Kxg7 19. Bxe4 Rxe4 20. e3 Rd8 21.
Rd3 Qe6 22. Rc1 Kf7 23. Qc3 a6 1/2-1/2

[Event "OGD Prinsenstad-toernooi - A groep"]
[Site "Delft"]
[Date "2012.04.07"]
[Round "4.4"]
[White "Goes, Sten"]
[Black "Van den Doel, Erik"]
[Result "0-1"]
[WhiteElo "2206"]
[BlackElo "2569"]
[PlyCount "84"]
[EventDate "2012.04.06"]
[EventType "swiss"]
[EventRounds "6"]
[EventCountry "NED"]
[Source "DSC"]
[SourceDate "2012.04.06"]

1. e4 c5 2. Nf3 d6 3. d4 cxd4 4. Nxd4 Nf6 5. Nc3 e6 6. Bc4 a6 7. O-O Be7 8. Bb3
O-O 9. f4 b5 10. e5 dxe5 11. fxe5 Bc5 12. Be3 Bxd4 13. Bxd4 Nc6 14. exf6 Qxd4+
15. Qxd4 Nxd4 16. Rad1 Nxb3 17. axb3 Bb7 18. fxg7 Rfd8 19. b4 Kxg7 20. Kf2 Kf6
21. Ke3+ Ke7 22. Ne4 f5 23. Nc5 Bxg2 24. Rxd8 Rxd8 25. Ra1 e5 26. Rxa6 f4+ 27.
Ke2 e4 28. Re6+ Kf7 29. Rxe4 Bxe4 30. Nxe4 Ke6 31. Nc3 Kf5 32. h3 Re8+ 33. Kf2
Re5 34. Ne2 Re4 35. c3 Ke5 36. Nd4 Rxd4 37. cxd4+ Kxd4 38. Kf3 Ke5 39. Kf2 Ke4
40. Ke2 f3+ 41. Kf2 Kf4 42. Kf1 Kg3 0-1

[Event "OGD Prinsenstad-toernooi - A groep"]
[Site "Delft"]
[Date "2012.04.07"]
[Round "4.5"]
[White "Haslinger, Stewart"]
[Black "Kasparova, Tatiana"]
[Result "1-0"]
[WhiteElo "2533"]
[BlackElo "2184"]
[PlyCount "71"]
[EventDate "2012.04.06"]
[EventType "swiss"]
[EventRounds "6"]
[EventCountry "NED"]
[Source "DSC"]
[SourceDate "2012.04.06"]

1. e4 c6 2. d4 d5 3. e5 Bf5 4. Nf3 e6 5. Be2 Bb4+ 6. Nbd2 Nd7 7. O-O Ba5 8. Nb3
Bc7 9. Bg5 f6 10. Bh4 Qe7 11. c4 dxc4 12. Bxc4 O-O-O 13. Qe2 h6 14. Rfe1 Re8
15. Bg3 fxe5 16. Nxe5 Ngf6 17. Nxd7 Nxd7 18. Bxc7 Kxc7 19. d5 cxd5 20. Bxd5 Qb4
21. Bf3 e5 22. Rac1+ Kb8 23. Rc4 Qb6 24. Qd2 Qe6 25. Rb4 b6 26. Nd4 Qd6 27.
Nc6+ Kc7 28. Qc3 Qd3 29. Nxa7+ Qxc3 30. Nb5+ Kb8 31. Nxc3 Re6 32. Ra4 e4 33.
Bxe4 Bxe4 34. Raxe4 Rd6 35. f4 Rd8 36. Re8 1-0

[Event "OGD Prinsenstad-toernooi - A groep"]
[Site "Delft"]
[Date "2012.04.07"]
[Round "4.6"]
[White "Kranenburg, Leo"]
[Black "Van Oosterom, Chiel"]
[Result "1-0"]
[WhiteElo "2132"]
[BlackElo "2348"]
[PlyCount "53"]
[EventDate "2012.04.06"]
[EventType "swiss"]
[EventRounds "6"]
[EventCountry "NED"]
[Source "DSC"]
[SourceDate "2012.04.06"]

1. e4 c5 2. Nc3 d6 3. f4 g6 4. Nf3 Bg7 5. Bc4 Nc6 6. O-O Nf6 7. d3 O-O 8. Qe1
Nd4 9. Qh4 Nxc2 10. Rb1 e6 11. f5 d5 12. Bb3 dxe4 13. dxe4 Nd4 14. fxg6 fxg6
15. Bg5 Nxb3 16. axb3 Qc7 17. Nd2 Nd7 18. Be7 Rxf1+ 19. Rxf1 b6 20. Nc4 Ba6 21.
Bd6 Qd8 22. Be7 Qc8 23. Nd6 Qc6 24. Qh3 Nf8 25. Rxf8+ Rxf8 26. Qxe6+ Kh8 27.
Bxf8 1-0

[Event "OGD Prinsenstad-toernooi - A groep"]
[Site "Delft"]
[Date "2012.04.08"]
[Round "4.7"]
[White "Van Liempt, Michaël"]
[Black "Haver, Bas"]
[Result "0-1"]
[WhiteElo "2025"]
[BlackElo "1952"]
[Annotator "Prinsenstad-toernooi"]
[PlyCount "90"]
[EventDate "2012.04.06"]
[EventType "swiss"]
[EventRounds "6"]
[EventCountry "NED"]
[Source "DSC"]
[SourceDate "2012.04.06"]

1. e4 c5 2. Nc3 Nc6 3. Bb5 g6 4. f4 Bg7 5. Nf3 Nd4 6. O-O Nxb5 7. Nxb5 d6 8. d3
f5 9. Qe1 Nf6 10. e5 dxe5 11. Qxe5 O-O 12. Qxc5 b6 13. Qc4+ Kh8 14. Nc7 Rb8 15.
Ne6 Bxe6 16. Qxe6 Qc8 17. Qb3 Qc5+ 18. d4 Qd5 19. c3 Rb7 20. Re1 Rc8 21. Be3 e6
22. Bf2 Ne4 23. Rad1 Kg8 24. Nd2 Nxd2 25. Rxd2 Kf7 26. Rde2 Rc6 27. Bh4 Rd7 {
Met remiseaanbod.} 28. h3 h5 29. Bg5 a5 30. Qa4 Rc4 31. Qd1 Rc6 32. a3 b5 33.
Re3 b4 34. axb4 axb4 35. Kh1 bxc3 36. bxc3 Rdc7 37. Qd2 Rc4 38. Rxe6 Rxc3 39.
Re7+ Kg8 40. Rxc7 $4 (40. Re8+ Kh7 41. Rd8 Qb3 $14 (41... Rxh3+ $2 {
werkt nu niet:} 42. Kg1 $19)) 40... Rxh3+ 41. Kg1 Bxd4+ 42. Qf2 Bxf2+ 43. Kxf2
Qd4+ (43... Qd2+ $1 {gaat heel snel mat:} 44. Re2 Qd4+ 45. Re3 Qxe3+ 46. Kf1
Rh1#) 44. Ke2 Re3+ 45. Kf1 Qd3+ {En wit geeft het op.} 0-1

[Event "OGD Prinsenstad-toernooi - A groep"]
[Site "Delft"]
[Date "2012.04.07"]
[Round "4.7"]
[White "Van Osch, Mees"]
[Black "De Wit, Michel"]
[Result "0-1"]
[WhiteElo "2037"]
[BlackElo "2303"]
[PlyCount "74"]
[EventDate "2012.04.06"]
[EventType "swiss"]
[EventRounds "6"]
[EventCountry "NED"]
[Source "DSC"]
[SourceDate "2012.04.06"]

1. e4 e5 2. Nf3 Nc6 3. Bb5 Nge7 4. O-O g6 5. d4 exd4 6. Bg5 Bg7 7. c3 dxc3 8.
Nxc3 h6 9. Bh4 O-O 10. Nd5 g5 11. Bg3 d6 12. Qc2 a6 13. Ba4 Bg4 14. Rac1 Rc8
15. Nxe7+ Nxe7 16. e5 d5 17. e6 c6 18. exf7+ Kh8 19. Ne5 Bf5 20. Qe2 Ng6 21. f4
Nxe5 22. fxe5 Be6 23. Bc2 Rxf7 24. Rxf7 Bxf7 25. Bf5 Rc7 26. e6 Re7 27. Be5 Bg8
28. Re1 Bh7 29. Bxg7+ Kxg7 30. Qe5+ Kg8 31. Bxh7+ Kxh7 32. Qf5+ Kg7 33. Rf1 Qe8
34. Qf6+ (34. Qe5+ Kh7 35. Rf6) 34... Kh7 35. Qf5+ Qg6 36. Qf8 Qxe6 37. h3 Rg7
0-1

[Event "OGD Prinsenstad-toernooi - A groep"]
[Site "Delft"]
[Date "2012.04.07"]
[Round "4.8"]
[White "Oranje, Richard"]
[Black "Legemaat, Gert"]
[Result "1-0"]
[WhiteElo "2011"]
[BlackElo "2222"]
[PlyCount "121"]
[EventDate "2012.04.06"]
[EventType "swiss"]
[EventRounds "6"]
[EventCountry "NED"]
[Source "DSC"]
[SourceDate "2012.04.06"]

1. e4 e6 2. Nf3 d5 3. e5 Bd7 4. d4 c5 5. dxc5 Bxc5 6. Bd3 Nc6 7. a3 f6 8. b4
Bb6 9. Bb2 Qe7 10. O-O Nh6 11. Nbd2 O-O 12. c4 fxe5 13. Nxe5 Nxe5 14. Bxe5 Qg5
15. Bg3 Nf5 16. Nf3 Qh6 17. Be5 dxc4 18. Bxf5 Bc6 19. Bc2 Qh5 20. Qd6 Rxf3 21.
gxf3 Qxf3 22. Qxe6+ Kh8 23. Bxg7+ Kxg7 24. Qe7+ Qf7 25. Qg5+ Kh8 26. Qe5+ Qg7+
27. Qxg7+ Kxg7 28. Rfe1 Rg8 29. Be4 Kh6+ 30. Kf1 Bd7 31. Rad1 Bh3+ 32. Ke2 Bg4+
33. f3 Bh3 34. Rd6+ Kh5 35. Kd2 Bc7 36. Rd5+ Kh6 37. Bf5 Rg2+ 38. Kc3 Bxf5 39.
Rxf5 Bxh2 40. Rf7 Ra2 41. Kxc4 Rxa3 42. Rh1 Kg6 43. Rxb7 Ra2 44. Kb3 Rf2 45.
Ka4 h5 46. Kb5 Ra2 47. Re7 h4 48. Re6+ Kf5 49. Ra6 Rb2 50. Rxa7 Kf4 51. Rf7+
Kg3 52. f4 Kg2 53. Rd1 h3 54. Rg7+ Kf3 55. Rd3+ Kxf4 56. Rxh3 Ke4 57. Rg4+ Kf5
58. Rc4 Ke6 59. Rh6+ Kd7 60. Rg4 Bd6 61. Rd4 1-0